[Event "Open d'Aubagne 2018-2019"]
[Site "Aubagne"]
[Date "2019.03.02"]
[Round "8.1"]
[White "Pouyet, Alain"]
[Black "Tramarin, Matteo"]
[Result "0-1"]
[WhiteElo "1472"]
[BlackElo "1390"]
[PlyCount "106"]
[EventDate "2018.??.??"]
[WhiteTeam "Club Provence Echecs"]
[BlackTeam "La Ciotat Echecs (LCE)"]

1. e4 c5 2. Nf3 d6 3. d3 Nc6 4. g3 g6 5. Bg2 Bg7 6. c3 Bg4 7. h3 Bxf3 8. Qxf3
Nf6 9. Nd2 O-O 10. O-O Rb8 11. Nc4 b5 12. Ne3 Qc7 13. Qe2 a5 14. Rb1 b4 15. Bd2
Nd7 16. f4 e6 17. Nc4 Nb6 18. Ne3 f5 19. Qf3 Ne7 20. Rfc1 Na4 21. Nd1 Qb6 22.
b3 Nxc3 23. Nxc3 bxc3 24. Bxc3 Bxc3 25. Rxc3 Nc6 26. exf5 Nd4 27. Qe3 exf5 28.
Re1 Rfe8 29. Qf2 c4 30. Kf1 Rxe1+ 31. Qxe1 cxb3 32. axb3 Kf8 33. Bd5 Re8 34.
Qd1 Ne2 35. Qxe2 Rxe2 36. Kxe2 Kg7 37. Rc6 Qd8 38. Kf3 h5 39. h4 Kf6 40. Ra6
Qc7 41. Rc6 Qb8 42. Bc4 Ke7 43. Ra6 Qb7+ 44. Kf2 d5 45. Rxg6 Kf7 46. Rh6 Kg7
47. Rxh5 dxc4 48. bxc4 Qb6+ 49. Ke2 Qb2+ 50. Ke3 Qb6+ 51. Kd2 Qf2+ 52. Kc3 Qe1+
53. Kb3 Qd1+ 0-1

[Event "Open d'Aubagne 2018-2019"]
[Site "Aubagne"]
[Date "2019.03.02"]
[Round "8.2"]
[White "Daumas, Alain"]
[Black "Soulet, Julia"]
[Result "1-0"]
[WhiteElo "1630"]
[BlackElo "1451"]
[PlyCount "53"]
[EventDate "2018.??.??"]
[WhiteTeam "Club d'Echecs Pennois (CEP)"]
[BlackTeam "Marseille-Echecs"]

1. e4 c5 2. Nf3 a6 3. d4 cxd4 4. Nxd4 e5 5. Nf3 Nc6 6. Bc4 Be7 7. O-O Nf6 8.
Nc3 O-O 9. Bg5 Ne8 10. Bxe7 Qxe7 11. Nd5 Qd8 12. Qd2 Nf6 13. Rfe1 Re8 14. Ng5
Nxd5 15. Qxd5 Re7 16. Nxf7 Qf8 17. Nxe5+ Kh8 18. Nf7+ Kg8 19. Ng5+ Kh8 20. Nxh7
Re5 21. Nxf8 Rxd5 22. exd5 Nd4 23. Re8 Nxc2 24. Nxd7+ Kh7 25. Bd3+ Kh6 26. h4
g6 27. Bxc2 1-0

[Event "Open d'Aubagne 2018-2019"]
[Site "Aubagne"]
[Date "2019.03.02"]
[Round "8.3"]
[White "Cotton, Paul"]
[Black "Bertrand, Frederic"]
[Result "1-0"]
[WhiteElo "1424"]
[BlackElo "1539"]
[PlyCount "139"]
[EventDate "2018.??.??"]
[WhiteTeam "Cercle d'Echecs Aubagnais"]
[BlackTeam "Cercle d'Echecs Aubagnais"]

1. Nf3 d6 2. g3 e5 3. d3 f5 4. Nbd2 Nf6 5. Bg2 Be7 6. c4 O-O 7. a3 a5 8. b3 Na6
9. Bb2 c6 10. O-O Be6 11. Qc2 Qe8 12. Bc3 Nc7 13. b4 axb4 14. axb4 Qh5 15. Rxa8
Rxa8 16. Ra1 Rxa1+ 17. Bxa1 Ng4 18. h3 Nf6 19. Qa4 e4 20. Nd4 Bd7 21. Qa7 Na6
22. Qxb7 Nxb4 23. Qxb4 c5 24. Qb8+ Kf7 25. Nc2 Qxe2 26. Bc3 Qxd3 27. Qb2 Qe2
28. Ne3 f4 29. gxf4 Bc6 30. Qb6 Bd7 31. Qb7 Ke8 32. Bxf6 Bxf6 33. Qxe4+ Kf7 34.
Nf3 g6 35. Qb7 Ke8 36. Qb8+ Bd8 37. Qxd6 Be7 38. Qe5 Bc6 39. Qb8+ Bd8 40. Qe5+
Be7 41. Nd5 Qd1+ 42. Kh2 Bxd5 43. Qxd5 Qxd5 44. cxd5 Bd6 45. Ne5 g5 46. Kg3
gxf4+ 47. Kxf4 c4 48. Be4 Ke7 49. Kf5 Bc5 50. f3 c3 51. Nc6+ Kd6 52. Ne5 Bd4
53. Nc4+ Kc5 54. Na3 Kd6 55. Nc2 Bg1 56. Kg5 Ke5 57. Bxh7 Kxd5 58. h4 Ke6 59.
h5 Kf7 60. Bg6+ Ke7 61. f4 Bd4 62. f5 Bf6+ 63. Kf4 Bg7 64. Ke4 Kd6 65. Kd3 Kc5
66. Ne3 Bh6 67. Ng4 Bd2 68. Kc2 Kd4 69. h6 Ke4 70. h7 1-0

[Event "Open d'Aubagne 2018-2019"]
[Site "Aubagne"]
[Date "2019.03.02"]
[Round "8.4"]
[White "Piquemal, Maxence"]
[Black "Cayrou, Fabien"]
[Result "1-0"]
[WhiteElo "1630"]
[BlackElo "1449"]
[PlyCount "43"]
[EventDate "2018.??.??"]
[WhiteTeam "Marseille-Echecs"]
[BlackTeam "Marseille-Echecs"]

1. d4 d5 2. c4 e6 3. Nc3 Nf6 4. cxd5 exd5 5. Bg5 Bb4 6. Qb3 Nc6 7. e3 Be6 8.
Bb5 Bxc3+ 9. Qxc3 Bd7 10. Qc5 b6 11. Bxf6 Qxf6 12. Qxd5 O-O-O 13. Rc1 Kb7 14.
Qc4 Rhe8 15. d5 Nb8 16. Qxc7+ Ka8 17. Bc6+ Nxc6 18. dxc6 Bxc6 19. Nf3 Qxb2 20.
O-O Qxa2 21. Ra1 Qe6 22. Qxa7# 1-0

[Event "Open d'Aubagne 2018-2019"]
[Site "Aubagne"]
[Date "2019.03.02"]
[Round "8.5"]
[White "Normand, Christophe"]
[Black "Deregnaucourt, Yves"]
[Result "0-1"]
[WhiteElo "1237"]
[BlackElo "1635"]
[PlyCount "64"]
[EventDate "2018.??.??"]
[WhiteTeam "Cercle d'Echecs Aubagnais"]
[BlackTeam "Cercle d'Echecs Aubagnais"]

1. e4 e5 2. Nf3 Nc6 3. c3 d5 4. Bb5 dxe4 5. Nxe5 Qd5 6. Nxc6 Qxb5 7. Nd4 Qg5 8.
g3 Bg4 9. Qa4+ Bd7 10. Qc2 Nf6 11. d3 Qg6 12. dxe4 Bc5 13. e5 Ne4 14. Nd2 Bxd4
15. Nxe4 Bf5 16. Qa4+ c6 17. Nd6+ Ke7 18. Nxf5+ Qxf5 19. Qxd4 Rhd8 20. Qc5+ Ke8
21. O-O Rd5 22. Qb4 b5 23. Bf4 g5 24. c4 Rd4 25. Qc5 Rxc4 26. Qd6 gxf4 27. Rac1
Rd8 28. Qc7 Rc8 29. Qxa7 Qh3 30. Rxc4 f3 31. Qd7+ Kxd7 32. Rd1+ Ke7 0-1

[Event "Open d'Aubagne 2018-2019"]
[Site "Aubagne"]
[Date "2019.03.02"]
[Round "8.6"]
[White "Tchifteyan, Philippe"]
[Black "Morata, Serge"]
[Result "1-0"]
[WhiteElo "1540"]
[BlackElo "1317"]
[PlyCount "83"]
[EventDate "2018.??.??"]
[WhiteTeam "Cercle d'Echecs Aubagnais"]
[BlackTeam "Cercle d'Echecs Aubagnais"]

1. d4 d5 2. e3 Nf6 3. c4 Bf5 4. Nf3 Bg4 5. Nc3 e6 6. Bd2 c5 7. cxd5 exd5 8. Be2
Ne4 9. O-O Nxd2 10. Qxd2 Be7 11. dxc5 Bxc5 12. Qxd5 Qe7 13. Ne4 Be6 14. Qxc5
Qxc5 15. Nxc5 Bd5 16. Rfd1 Bc6 17. b4 b5 18. Ne5 O-O 19. Rd6 Rc8 20. Rad1 g6
21. Rd8+ Rxd8 22. Rxd8+ Kg7 23. Nxc6 Nxc6 24. Rxa8 Nxb4 25. Rxa7 Nc6 26. Rc7
Nb4 27. Bxb5 Nxa2 28. g4 Nc3 29. g5 h5 30. Ne6+ Kg8 31. Rc8+ Kh7 32. Nf8+ Kg7
33. Bc4 Ne4 34. f4 Nd6 35. Ne6+ fxe6 36. Rc7+ Kf8 37. Bxe6 Nb5 38. Rf7+ Ke8 39.
Rg7 Nd6 40. Rxg6 Ke7 41. f5 Nb7 42. Rg7+ 1-0

[Event "Open d'Aubagne 2018-2019"]
[Site "Aubagne"]
[Date "2019.03.02"]
[Round "8.7"]
[White "Hassaine, Rachid"]
[Black "Coppel, Victor"]
[Result "1/2-1/2"]
[WhiteElo "1390"]
[BlackElo "1148"]
[PlyCount "63"]
[EventDate "2018.??.??"]
[WhiteTeam "Cercle d'Echecs Aubagnais"]
[BlackTeam "L'Echiquier du Roy René"]

1. e4 e5 2. Nf3 Nc6 3. d4 exd4 4. Nxd4 d6 5. Bb5 Bd7 6. O-O Be7 7. Bxc6 Bxc6 8.
Nc3 Nf6 9. Nxc6 bxc6 10. Bg5 O-O 11. Re1 Nd7 12. Bxe7 Qxe7 13. Ne2 Qxe4 14. Nd4
Qh4 15. Nxc6 Rfe8 16. Rxe8+ Rxe8 17. Nxa7 Nf6 18. g3 Qa4 19. b4 Qxa7 20. a4 Re4
21. Qd2 Ng4 22. a5 Rxb4 23. h3 Rd4 24. Qe2 Ne5 25. Kg2 h6 26. a6 Kf8 27. Rb1
Ra4 28. f4 Qa8+ 29. Kf2 Nc4 30. Rb7 Nb6 31. Rxc7 Qe8 32. Qd3 1/2-1/2

[Event "Open d'Aubagne 2018-2019"]
[Site "Aubagne"]
[Date "2019.03.02"]
[Round "8.8"]
[White "Pentcheff, Julie"]
[Black "Roche, Alain"]
[Result "1-0"]
[WhiteElo "1088"]
[BlackElo "1359"]
[PlyCount "54"]
[EventDate "2018.??.??"]
[WhiteTeam "Marseille-Echecs"]
[BlackTeam "Echiquier Marseillais 1872"]

1. d4 d5 2. c4 c6 3. Nc3 Nf6 4. cxd5 cxd5 5. Bf4 Bf5 6. e3 e6 7. Qb3 Be7 8.
Qxb7 Nbd7 9. Nf3 O-O 10. Bb5 a6 11. Be2 Nh5 12. Bc7 Qe8 13. Bxa6 Bb4 14. Rc1
Be4 15. a3 Bxc3+ 16. Rxc3 Bxf3 17. gxf3 f5 18. Bd6 Rb8 19. Bxb8 Nxb8 20. Bb5
Qd8 21. Rg1 g6 22. Rc7 Qf6 23. Rc8 f4 24. Qxb8 Rxc8 25. Qxc8+ Kg7 26. Ke2 fxe3
27. Qb7+ Kh8 1-0

[Event "Open d'Aubagne 2018-2019"]
[Site "Aubagne"]
[Date "2019.03.02"]
[Round "8.9"]
[White "Ganier, Philippe"]
[Black "Pentcheff, Laura"]
[Result "0-1"]
[WhiteElo "1588"]
[BlackElo "1595"]
[PlyCount "40"]
[EventDate "2018.??.??"]
[WhiteTeam "La Ciotat Echecs (LCE)"]
[BlackTeam "Marseille-Echecs"]

1. e4 e5 2. Nf3 Nc6 3. d4 exd4 4. Nxd4 Bc5 5. Be3 Qf6 6. c3 Nge7 7. Bc4 d6 8.
O-O O-O 9. Nxc6 Nxc6 10. Bxc5 dxc5 11. Qc2 Re8 12. Nd2 Qe5 13. Be2 Bg4 14. f3
Be6 15. b3 Rad8 16. Rad1 Rd7 17. Nb1 Red8 18. Rd2 Rxd2 19. Nxd2 Qg5 20. f4 Qh6
0-1

[Event "Open d'Aubagne 2018-2019"]
[Site "Aubagne"]
[Date "2019.03.02"]
[Round "8.11"]
[White "Blanc, Michel"]
[Black "Bedhouche, Rayan"]
[Result "0-1"]
[WhiteElo "1563"]
[BlackElo "1179"]
[PlyCount "53"]
[EventDate "2018.??.??"]
[WhiteTeam "Cercle d'Echecs Aubagnais"]
[BlackTeam "Marseille-Echecs"]

1. d4 Nf6 2. Bf4 g6 3. h3 Bg7 4. e3 c5 5. c3 Nc6 6. Nd2 cxd4 7. cxd4 O-O 8.
Ngf3 d6 9. Be2 Bf5 10. a3 Ne4 11. O-O e5 12. dxe5 dxe5 13. Bh2 Nxd2 14. Qxd2
Qxd2 15. Nxd2 Rad8 16. Nf3 e4 17. Nd4 Nxd4 18. exd4 Rxd4 19. g4 Rd2 20. Bc4 Bc8
21. Rab1 Rxb2 22. Bd5 Re8 23. a4 b6 24. Rxb2 Bxb2 25. Re1 Bd7 26. Re2 Bxa4 27.
Rxe4 0-1

[Event "Open d'Aubagne 2018-2019"]
[Site "Aubagne"]
[Date "2019.03.02"]
[Round "8.12"]
[White "Rocchia, Alex"]
[Black "Hunault, Francis"]
[Result "0-1"]
[WhiteElo "1284"]
[BlackElo "1453"]
[PlyCount "37"]
[EventDate "2018.??.??"]
[WhiteTeam "Cercle d'Echecs Aubagnais"]
[BlackTeam "Cercle d'Echecs Aubagnais"]

1. e4 e5 2. Nc3 Bb4 3. Bc4 c6 4. Qh5 Qe7 5. Nf3 d6 6. Ng5 g6 7. Bxf7+ Qxf7 8.
Nxf7 gxh5 9. Nxh8 Kf8 10. O-O Kg7 11. f4 Nd7 12. fxe5 Nxe5 13. d3 Kxh8 14. h3
Be6 15. Bg5 Kg7 16. Rf2 Bc5 17. Raf1 Bxf2+ 18. Rxf2 Rf8 19. Bh6+ 0-1

[Event "Open d'Aubagne 2018-2019"]
[Site "Aubagne"]
[Date "2019.03.02"]
[Round "8.13"]
[White "Guidini, Rene"]
[Black "Pietrac, Christian"]
[Result "1-0"]
[WhiteElo "1449"]
[BlackElo "1227"]
[PlyCount "59"]
[EventDate "2018.??.??"]
[WhiteTeam "Cercle d'Echecs Aubagnais"]
[BlackTeam "Club d'Echecs de Miramas"]

1. e4 d6 2. Nf3 Nf6 3. Nc3 g6 4. d4 Bg7 5. Be2 O-O 6. Be3 b6 7. Qd2 Ba6 8. h3
Bxe2 9. Nxe2 Nxe4 10. Qd3 Nf6 11. Ng3 Nbd7 12. Qd2 c5 13. d5 Ne5 14. Nxe5 dxe5
15. O-O-O Qc8 16. Rhe1 Rd8 17. c4 Qa6 18. b3 e4 19. Bh6 Qa3+ 20. Kb1 Rd6 21.
Bxg7 Kxg7 22. Qc3 Kh6 23. Qe3+ Kg7 24. Qg5 e6 25. dxe6 Rxd1+ 26. Rxd1 fxe6 27.
Qe5 Kf7 28. Nxe4 Nxe4 29. Rd7+ Ke8 30. Qxe6+ 1-0

[Event "Open d'Aubagne 2018-2019"]
[Site "Aubagne"]
[Date "2019.03.02"]
[Round "8.14"]
[White "Cureau, Dominique"]
[Black "Marchis Mouren, Emma"]
[Result "0-1"]
[WhiteElo "1424"]
[BlackElo "1241"]
[PlyCount "184"]
[EventDate "2018.??.??"]
[WhiteTeam "Echiquier Marseillais 1872"]
[BlackTeam "Cassis Echecs"]

1. c4 Nf6 2. Nc3 e6 3. d4 Bb4 4. Qb3 Nc6 5. e3 d5 6. Bd2 O-O 7. Nf3 Qe7 8. a3
Na5 9. Qa2 Bxc3 10. Bxc3 Nc6 11. cxd5 exd5 12. Bd3 Rd8 13. O-O Ne4 14. Bxe4
Qxe4 15. Qb1 Bf5 16. Qxe4 Bxe4 17. Ng5 Re8 18. Rac1 h6 19. Nxe4 Rxe4 20. Bd2
Rg4 21. Rc5 Rd8 22. Rb5 b6 23. Rc1 Rg6 24. Rb3 f5 25. Rbc3 Rdd6 26. b4 a6 27.
R3c2 Rde6 28. a4 b5 29. axb5 axb5 30. Rc5 Rd6 31. Rxb5 Kh7 32. Rb7 f4 33. Rxc7
f3 34. g3 Nd8 35. b5 Ne6 36. R7c6 Ng5 37. Rxd6 Rxd6 38. Rc6 Nf7 39. Bb4 Rd7 40.
b6 Rb7 41. Bc5 Nd8 42. Rc7 Kg8 43. Rc8 Rd7 44. Rc7 Rf7 45. Rxf7 Kxf7 46. h4 h5
47. Kh2 Kf6 48. Kh3 Kf5 49. Be7 Nb7 50. Kh2 g6 51. Kg1 Ke4 52. Kh2 Kf5 53. Kh3
Na5 54. Bb4 Nb7 55. Bc3 Nd6 56. Ba5 Nb7 57. Bb4 Nd8 58. Kh2 Nb7 59. Kg1 Ke4 60.
Kf1 Kd3 61. Ke1 Nd8 62. Kd1 Nb7 63. Ke1 Nd8 64. Bc5 Nb7 65. Be7 Na5 66. Bf6 Nb7
67. e4 Kxe4 68. Kd2 Nd6 69. Kc3 Nb7 70. Kb4 Kd3 71. Kb5 Ke2 72. Ka6 Kxf2 73.
Kxb7 Kg2 74. Kc7 f2 75. b7 f1=Q 76. b8=Q Qxf6 77. Kd7 Qxd4 78. Kd6 Kxg3 79. Qd8
Qxh4 80. Qa5 Qf4+ 81. Kc5 Qc1+ 82. Kd4 Qf4+ 83. Kc3 Qe4 84. Qc7+ Kg2 85. Qg7 h4
86. Qh6 h3 87. Qg5+ Kf1 88. Qh6 Qf3+ 89. Kd4 Qe4+ 90. Kc5 Qc2+ 91. Kxd5 h2 92.
Qh3+ Qg2+ 0-1

[Event "Open d'Aubagne 2018-2019"]
[Site "Aubagne"]
[Date "2019.03.02"]
[Round "8.15"]
[White "Bonavia, Mathis"]
[Black "Desjardins, Rene"]
[Result "0-1"]
[WhiteElo "1283"]
[BlackElo "1419"]
[PlyCount "88"]
[EventDate "2018.??.??"]
[WhiteTeam "La Ciotat Echecs (LCE)"]
[BlackTeam "Cercle d'Echecs Aubagnais"]

1. d4 Nf6 2. c4 d6 3. Bf4 g6 4. e3 Bg7 5. Nf3 Nc6 6. a3 Bf5 7. Bd3 Qd7 8. h3 a5
9. Nc3 Bxd3 10. Qxd3 Nd8 11. d5 Nh5 12. Bh2 c6 13. Rc1 Ra6 14. c5 dxc5 15. Na4
Qxd5 16. Nxc5 Qxd3 17. Nxd3 O-O 18. Rc2 Ne6 19. Ke2 f5 20. Rd1 f4 21. exf4
Nexf4+ 22. Kf1 Nxd3 23. Rxd3 Rb6 24. Rd7 Bxb2 25. Rc5 Bxa3 26. Rxa5 Rb1+ 27.
Ke2 Bb4 28. Rxb7 Rb2+ 29. Kd3 Nf4+ 30. Kc4 c5 31. Rxc5 Bxc5 32. Rxb2 Bd6 33. g3
Rc8+ 34. Kd4 Ne6+ 35. Kd5 Nc7+ 36. Ke4 Ne6 37. Ne5 Ng5+ 38. Kd4 Bxe5+ 39. Kxe5
Nf3+ 40. Ke4 Nxh2 41. Rb1 Rc3 42. Rb7 Kf7 43. Rd7 Rf3 44. Rd1 Rxf2 0-1

[Event "Open d'Aubagne 2018-2019"]
[Site "Aubagne"]
[Date "2019.03.02"]
[Round "8.16"]
[White "Moerenhout, Jean Claude"]
[Black "Gomez, Jean-Luc"]
[Result "0-1"]
[WhiteElo "1280"]
[BlackElo "1398"]
[PlyCount "54"]
[EventDate "2018.??.??"]
[WhiteTeam "Cercle d'Echecs Aubagnais"]
[BlackTeam "Echiquier Marseillais 1872"]

1. c4 Nf6 2. Nc3 e6 3. g3 d5 4. cxd5 Nxd5 5. Bg2 Be7 6. Nf3 O-O 7. O-O c6 8. a3
Nd7 9. d3 N7f6 10. Qc2 b6 11. b4 Bb7 12. Bb2 Rc8 13. Qd2 Re8 14. Rfd1 a6 15. h3
c5 16. bxc5 Bxc5 17. d4 Bd6 18. e4 Nxc3 19. Bxc3 Nxe4 20. Qe3 Rxc3 21. Qe1 Rxa3
22. Rxa3 Bxa3 23. Ne5 f5 24. Qe3 Be7 25. Qf4 Bd5 26. g4 Nc3 27. Bxd5 Ne2+ 0-1

[Event "Open d'Aubagne 2018-2019"]
[Site "Aubagne"]
[Date "2019.03.02"]
[Round "8.17"]
[White "Labriaud, Gilles"]
[Black "Vicari-Vento, Salvatore"]
[Result "1-0"]
[WhiteElo "1265"]
[BlackElo "1347"]
[PlyCount "59"]
[EventDate "2018.??.??"]
[WhiteTeam "La Ciotat Echecs (LCE)"]
[BlackTeam "Cercle d'Echecs Aubagnais"]

1. e4 c5 2. Bc4 d6 3. Nf3 Nf6 4. Nc3 e6 5. d3 Be7 6. h3 O-O 7. Nh2 Nbd7 8. f4
b5 9. Bb3 Qb6 10. Be3 Qc7 11. a4 b4 12. Ne2 e5 13. f5 h6 14. Ng3 Bb7 15. Nh5
Nxh5 16. Qxh5 Nf6 17. Qf3 Nh7 18. Qg3 Bg5 19. Bxg5 Nxg5 20. f6 g6 21. h4 Ne6
22. Qe3 Kh7 23. Ng4 g5 24. Bxe6 fxe6 25. hxg5 c4 26. g6+ Kg8 27. f7+ Rxf7 28.
gxf7+ Kf8 29. Qxh6+ Ke7 30. f8=Q+ 1-0

[Event "Open d'Aubagne 2018-2019"]
[Site "Aubagne"]
[Date "2019.03.02"]
[Round "8.18"]
[White "Autouard, Jean-Luc"]
[Black "Ulloa, Philippe"]
[Result "1-0"]
[WhiteElo "1205"]
[BlackElo "1328"]
[PlyCount "73"]
[EventDate "2018.??.??"]
[WhiteTeam "Cercle d'Echecs Aubagnais"]
[BlackTeam "Cercle d'Echecs Aubagnais"]

1. e4 c5 2. Nc3 Nc6 3. f4 e5 4. Nf3 d6 5. Bc4 h6 6. O-O Nf6 7. d3 Be7 8. Qe1
O-O 9. f5 Kh7 10. a3 Qe8 11. Nd5 Nxd5 12. Bxd5 Nb8 13. g4 Qd8 14. Qg3 Nd7 15.
Kh1 Rb8 16. Rg1 b5 17. g5 h5 18. g6+ Kh8 19. gxf7 Bf6 20. Qg6 Rxf7 21. Bxf7 Nf8
22. Qxh5+ Nh7 23. Bg6 Qg8 24. Bg5 Bd7 25. Bf7 Be8 26. Bxe8 Qxe8 27. Qh4 Kg8 28.
Bxf6 Nxf6 29. Qxf6 Qf7 30. Qxd6 Rb6 31. Qd8+ Qf8 32. Qd5+ Kh8 33. Rg3 Rh6 34.
Nxe5 Kh7 35. Nd7 Qe7 36. Rag1 Rxh2+ 37. Kxh2 1-0

[Event "Open d'Aubagne 2018-2019"]
[Site "Aubagne"]
[Date "2019.03.02"]
[Round "8.19"]
[White "Madi, Chahinez"]
[Black "Avedissian, Andre"]
[Result "1-0"]
[WhiteElo "1173"]
[BlackElo "1326"]
[PlyCount "73"]
[EventDate "2018.??.??"]
[WhiteTeam "La Ciotat Echecs (LCE)"]
[BlackTeam "Echiquier Marseillais 1872"]

1. d4 Nf6 2. Bf4 g6 3. e3 Bg7 4. Nf3 d6 5. h3 O-O 6. Bd3 Nbd7 7. Nbd2 Re8 8.
Bh2 e5 9. dxe5 dxe5 10. Ne4 b6 11. Nxf6+ Bxf6 12. Be4 Rb8 13. O-O Bb7 14. Bxb7
Rxb7 15. Rb1 Qe7 16. Qd5 Rbb8 17. Rfd1 Rbd8 18. Qc4 c5 19. c3 Nb8 20. b4 cxb4
21. cxb4 Rc8 22. Qb3 Nc6 23. Rd5 Rcd8 24. Rbd1 Rxd5 25. Rxd5 Qe6 26. e4 Bg7 27.
Qc3 f6 28. Qd2 Bf8 29. b5 Na5 30. Rd7 Re7 31. Rd6 Qf7 32. g4 Nc4 33. Qd5 Nxd6
34. Qxd6 Kg7 35. g5 Qe6 36. gxf6+ Kxf6 37. Bxe5+ 1-0

[Event "Open d'Aubagne 2018-2019"]
[Site "Aubagne"]
[Date "2019.03.02"]
[Round "8.20"]
[White "Biglia, Michel"]
[Black "Reynaud, Jacques"]
[Result "0-1"]
[WhiteElo "1238"]
[BlackElo "1419"]
[PlyCount "48"]
[EventDate "2018.??.??"]
[WhiteTeam "Cercle d'Echecs Aubagnais"]
[BlackTeam "Cercle d'Echecs Aubagnais"]

1. e4 g6 2. Bc4 d6 3. Nf3 Nf6 4. Ng5 e6 5. d3 Bg7 6. O-O O-O 7. Bd2 Nc6 8. Bc3
a6 9. Nd2 b5 10. Bb3 a5 11. a3 Bb7 12. Ba2 b4 13. axb4 axb4 14. Bxf6 Qxf6 15.
Ngf3 Qxb2 16. Qb1 Qxa1 17. Qxa1 Bxa1 18. Rxa1 Ra3 19. Nc4 Ra6 20. Rb1 Rxa2 21.
c3 Rfa8 22. g3 Ra1 23. Rxa1 Rxa1+ 24. Kg2 bxc3 0-1

[Event "Open d'Aubagne 2018-2019"]
[Site "Aubagne"]
[Date "2019.03.02"]
[Round "8.21"]
[White "Pinet, Leo"]
[Black "Frontera, Pierre"]
[Result "1-0"]
[WhiteElo "1183"]
[BlackElo "1269"]
[PlyCount "73"]
[EventDate "2018.??.??"]
[WhiteTeam "Club Provence Echecs"]
[BlackTeam "Cercle d'Echecs Aubagnais"]

1. e4 e5 2. Nf3 Nc6 3. d4 d6 4. dxe5 Bg4 5. exd6 Bxd6 6. Bd3 Nge7 7. O-O Ne5 8.
Nbd2 Nxd3 9. cxd3 b5 10. Qb3 Rb8 11. d4 c6 12. Re1 h6 13. h3 Bh5 14. e5 Bc7 15.
e6 fxe6 16. Qxe6 Bf7 17. Qxc6+ Qd7 18. Qxd7+ Kxd7 19. Ne5+ Bxe5 20. dxe5 Rbc8
21. Ne4 Nf5 22. Be3 Nxe3 23. Rxe3 Be6 24. Rd3+ Ke7 25. Rc3 Bd5 26. Nd6 Rxc3 27.
bxc3 Bc6 28. Rd1 Ke6 29. f4 Rf8 30. g3 g5 31. Rd4 a5 32. Kf2 h5 33. Ke3 g4 34.
h4 Rb8 35. Ne4 Kf5 36. Rd6 Bxe4 37. Rf6# 1-0

[Event "Open d'Aubagne 2018-2019"]
[Site "Aubagne"]
[Date "2019.03.02"]
[Round "8.22"]
[White "Periale, Albert"]
[Black "Bartolini, Manuela"]
[Result "1-0"]
[WhiteElo "1263"]
[BlackElo "1061"]
[PlyCount "83"]
[EventDate "2018.??.??"]
[WhiteTeam "Cercle d'Echecs Aubagnais"]
[BlackTeam "Cercle d'Echecs Aubagnais"]

1. e4 c6 2. d4 d5 3. exd5 cxd5 4. Bf4 Nc6 5. c4 e6 6. Nf3 Be7 7. Nc3 Bb4 8. a3
Be7 9. Nb5 Bd6 10. Nxd6+ Kf8 11. Bd3 h6 12. Bg3 Nf6 13. h3 Qd7 14. c5 Ne8 15.
Nxe8 Qxe8 16. Qe2 a6 17. b4 a5 18. b5 Ne7 19. a4 Nf5 20. Bxf5 Kg8 21. Bd3 Bd7
22. Ne5 Qe7 23. Rc1 f6 24. Ng6 Qd8 25. Nxh8 Kxh8 26. Kd2 Qe8 27. h4 h5 28. Bf4
Qf7 29. f3 g6 30. Rcg1 Rg8 31. g4 Qh7 32. gxh5 Qxh5 33. Rg2 Rg7 34. Qf2 Kg8 35.
Rhg1 Be8 36. Qe1 Bd7 37. Rxg6 Rxg6 38. Rxg6+ Kf7 39. Qg3 Qh8 40. Rh6 Qg7 41.
Qxg7+ Kxg7 42. Rh7+ 1-0

[Event "Open d'Aubagne 2018-2019"]
[Site "Aubagne"]
[Date "2019.03.02"]
[Round "8.23"]
[White "Lecomte, Gael"]
[Black "Cayrou, Manon"]
[Result "1-0"]
[WhiteElo "1254"]
[BlackElo "1166"]
[PlyCount "45"]
[EventDate "2018.??.??"]
[WhiteTeam "L'Echiquier du Roy René"]
[BlackTeam "Marseille-Echecs"]

1. d4 d5 2. Nf3 Nf6 3. c3 e6 4. Bg5 h6 5. Bh4 Be7 6. Nbd2 O-O 7. e3 Bd7 8. Bd3
a6 9. Ne5 Nc6 10. f4 b5 11. Qe2 Nxe5 12. fxe5 Ne8 13. Bxe7 Qxe7 14. O-O f6 15.
exf6 Rxf6 16. e4 Bc6 17. e5 Rxf1+ 18. Rxf1 Qg5 19. Qf3 Nd6 20. exd6 Qxd2 21.
Qf7+ Kh8 22. Qf8+ Rxf8 23. Rxf8# 1-0

[Event "Open d'Aubagne 2018-2019"]
[Site "Aubagne"]
[Date "2019.03.02"]
[Round "8.24"]
[White "Piquemal, Jean Christophe"]
[Black "Corchia, Joseph"]
[Result "1/2-1/2"]
[WhiteElo "1100"]
[BlackElo "1399"]
[PlyCount "116"]
[EventDate "2018.??.??"]
[WhiteTeam "Marseille-Echecs"]
[BlackTeam "Cercle d'Echecs Aubagnais"]

1. d4 d5 2. c4 dxc4 3. Nc3 Nf6 4. e4 e6 5. Bg5 Be7 6. Bxc4 a6 7. Bb3 b5 8. Nf3
Bb7 9. Qc2 b4 10. e5 Bxf3 11. gxf3 Qxd4 12. exf6 gxf6 13. Ne2 Qb6 14. Be3 c5
15. Ba4+ Nd7 16. Qe4 Rd8 17. Rg1 f5 18. Qc6 Qxc6 19. Bxc6 Kf8 20. Bh6+ Ke8 21.
Rd1 Bf6 22. Bg5 Ke7 23. Bxf6+ Nxf6 24. Rxd8 Rxd8 25. Bb7 a5 26. Nc1 Kd6 27. Ba6
Kc6 28. Bc4 Rd4 29. b3 a4 30. Rg7 axb3 31. axb3 Rd7 32. Nd3 Kd6 33. Ke2 h5 34.
h3 Nd5 35. Bxd5 Kxd5 36. Nf4+ Kd4 37. Nxe6+ Kc3 38. Nxc5 Rc7 39. Na6 Re7+ 40.
Kf1 Kxb3 41. f4 Ka3 42. Rg3+ Ka4 43. Nc5+ Kb5 44. Nb3 Re4 45. Rf3 Rc4 46. Ke2
Rc3 47. Rxc3 bxc3 48. Kd3 Kb4 49. Nd4 f6 50. Nc2+ Kb3 51. Na1+ Kb2 52. Nc2 h4
53. Nb4 Kb3 54. Nc2 Kb2 55. Nb4 Kb3 56. Nc2 Kb2 57. Nb4 Kb3 58. Nc2 Kb2 1/2-1/2

[Event "Open d'Aubagne 2018-2019"]
[Site "Aubagne"]
[Date "2019.03.02"]
[Round "8.26"]
[White "Strate, Francois"]
[Black "Salvi, Angele"]
[Result "1-0"]
[WhiteElo "1387"]
[BlackElo "1049"]
[PlyCount "57"]
[EventDate "2018.??.??"]
[WhiteTeam "Sanary Echecs"]
[BlackTeam "La Ciotat Echecs (LCE)"]

1. d4 Nf6 2. c4 e5 3. dxe5 Ng4 4. Bf4 Nc6 5. Nf3 Bc5 6. e3 Qe7 7. Nc3 Ngxe5 8.
Nxe5 Nxe5 9. a3 d6 10. Be2 O-O 11. O-O Rd8 12. Qc2 a5 13. Rfd1 Be6 14. b3 g6
15. Nd5 Qd7 16. Nf6+ Kg7 17. Nxd7 Rxd7 18. Qc3 f6 19. Bg3 Nf7 20. Bd3 d5 21.
cxd5 Rxd5 22. Bc4 Rxd1+ 23. Rxd1 Bg4 24. f3 Bc8 25. Bxf7 Bxe3+ 26. Qxe3 Kxf7
27. Rd8 Ra6 28. Qe8+ Kg7 29. Qf8# 1-0

[Event "Open d'Aubagne 2018-2019"]
[Site "Aubagne"]
[Date "2019.03.02"]
[Round "8.27"]
[White "Madi, Walid"]
[Black "Tramarin, Esteban"]
[Result "0-1"]
[WhiteElo "1102"]
[BlackElo "1180"]
[PlyCount "98"]
[EventDate "2018.??.??"]
[WhiteTeam "La Ciotat Echecs (LCE)"]
[BlackTeam "La Ciotat Echecs (LCE)"]

1. d4 f5 2. Bf4 Nf6 3. Nf3 e6 4. e3 Be7 5. Bd3 O-O 6. O-O Nc6 7. Nc3 Bb4 8. Ne5
Nxe5 9. Bxe5 Bxc3 10. bxc3 b6 11. Qf3 Rb8 12. Qf4 d6 13. Bxf6 Qxf6 14. Rab1 e5
15. Bc4+ Kh8 16. dxe5 dxe5 17. Qf3 Bb7 18. Qd1 Qc6 19. Qd5 Qg6 20. Qxb7 Rxb7
21. Ba6 Rbb8 22. Bd3 Rb7 23. h3 e4 24. Be2 Qd6 25. Rb2 Qa3 26. Rfb1 Qxc3 27.
Ba6 Rbb8 28. Bb5 Qa3 29. Bc6 Qc5 30. Ba4 f4 31. Rb5 Qc4 32. R5b4 Qxa2 33. Re1
Qe6 34. Bb3 Qg6 35. exf4 Rxf4 36. Re3 a5 37. Rd4 Qf6 38. Rd2 Rd8 39. Ree2 Qe5
40. g3 Rff8 41. c3 Qc5 42. Rxe4 Qxc3 43. Bf7 h6 44. Bg6 Qa1+ 45. Rd1 Qxd1+ 46.
Kg2 Qf3+ 47. Kh2 Qxf2+ 48. Kh1 Qf1+ 49. Kh2 Rf2# 0-1

[Event "Open d'Aubagne 2018-2019"]
[Site "Aubagne"]
[Date "2019.03.02"]
[Round "8.29"]
[White "Madi, Mohammed"]
[Black "Turpin, Isabelle"]
[Result "1-0"]
[WhiteElo "1090"]
[BlackElo "1167"]
[PlyCount "65"]
[EventDate "2018.??.??"]
[WhiteTeam "La Ciotat Echecs (LCE)"]
[BlackTeam "Cercle d'Echecs Aubagnais"]

1. d4 Nf6 2. Bf4 h6 3. Nf3 d6 4. Nc3 a6 5. h3 Nbd7 6. e3 b6 7. Bc4 Bb7 8. O-O
g5 9. Bh2 Bg7 10. a4 c5 11. Rb1 g4 12. hxg4 Nxg4 13. Bg3 e5 14. dxc5 Nxc5 15.
Nh4 Qd7 16. Re1 Qc6 17. Qxg4 Bf6 18. Bd5 Qd7 19. Bxb7 Qxb7 20. Qf3 Qb8 21. Qxf6
Rg8 22. Nf5 Ra7 23. Ng7+ Kf8 24. Nf5 Rd7 25. Nxh6 Rg7 26. b4 Ne6 27. Qh4 Qb7
28. Nf5 Rg8 29. Ne4 f6 30. Qxf6+ Rf7 31. Qxe6 Rh8 32. Nexd6 Rhh7 33. Qe8# 1-0